Nervous system of the leech. (Record no. 43272)

MARC details
000 -LEADER
fixed length control field 00319nam a2200121Ia 4500
082 ## - DEWEY DECIMAL CLASSIFICATION NUMBER
Classification number 595.143:591.18
Item number JAN
100 ## - MAIN ENTRY--AUTHOR NAME
Personal name JANSEN, Jan
245 #0 - TITLE STATEMENT
Title Nervous system of the leech.
260 ## - PUBLICATION, DISTRIBUTION, ETC. (IMPRINT)
Place of publication New York
Name of publisher Cold Springer
Year of publication 1977
650 ## - SUBJECT ADDED ENTRY--TOPICAL TERM
Topical Term Leech nervous system
942 ## - ADDED ENTRY ELEMENTS (KOHA)
Koha item type Books
Holdings
Withdrawn status Lost status Damaged status Not for loan Home library Current library Date acquired Full call number Accession Number Koha item type
        RRII Library RRII Library 16/12/2021 595.143:591.18 JAN 11261 Books